| 000 | 00561nam a2200193Ia 4500 | ||
|---|---|---|---|
| 003 | GCL | ||
| 008 | 140319s9999 xx 000 0 ara d | ||
| 040 |
_aGCL / _cGCL |
||
| 082 | 0 | 4 |
_a894.35 _bع ا |
| 100 | 1 | _aعبدالحق حامد | |
| 245 | 1 | 0 |
_aابن موسى او ذات الجمال / _cعبدالحق حامد |
| 700 | 1 | _aابراهيم صبرى | |
| 700 | 1 | _aيحيى الخشاب | |
| 300 | _a264 ص | ||
| 490 |
_aالالف كتاب _v0 |
||
| 650 | 0 | 4 | _aالادب التركى |
| 650 | 0 | 4 | _aالمسرحيات التركية |
| 942 |
_2ddc _cBK |
||
| 999 |
_c43189 _d43189 |
||